000
00480nam a2200181Ia 4500
008
100917s9999 xx 000 0 und d
082
_b
37239
100
_a
आपटे ह. ना.
245
_a
कालकूट
260
_b
रम्यकथा प्रकाशन
_c
1972
300
_a
160
365
_b
5
520
_a
कादंबरी
630
_a
कालकूट
650
_a
कादंबरी
730
_a
कालकूट
942
_c
BOOK
999
_c
642633
_d
642630